[Event "Tarija op"]
[Site "Tarija"]
[Date "2023.04.07"]
[Round "3"]
[White "Mancilla Vallejos, Javier"]
[Black "Coro, Soledad"]
[Result "0-1"]
[WhiteElo "1850"]
[BlackElo "1572"]
[PlyCount "88"]
[EventDate "2023.04.06"]
[EventType "swiss"]
[EventRounds "7"]
[EventCountry "BOL"]
[SourceTitle "EXT 2024"]
[Source "ChessBase"]
[SourceDate "2023.10.10"]
[SourceVersion "1"]
[SourceVersionDate "2023.10.10"]
[SourceQuality "1"]

1. e4 c5 2. Nf3 d6 3. d4 cxd4 4. Nxd4 Nf6 5. Nc3 g6 6. f3 Bg7 7. Be3 Bd7 8. Qd2 h5 9. Bc4 Nc6 10. 0-0-0 a6 11. Kb1 b5 12. Bb3 0-0 13. Nxc6 Bxc6 14. Bh6 a5 15. Bxg7 Kxg7 16. Qd4 b4 17. Nd5 Bxd5 18. Bxd5 Rc8 19. e5 Nxd5 20. Qxd5 Qc7 21. exd6 Qxc2+ 22. Ka1 exd6 23. g4 Rc5 24. Qd4+ Kg8 25. gxh5 Rxh5 26. Rd2 Qc6 27. Qxd6 Qxf3 28. Rg1 Rc8 29. Qa6 Rhc5 30. Kb1 Qe3 31. Rdd1 Qf2 32. Qd3 Qf5 33. Rgf1 Qxd3+ 34. Rxd3 R8c7 35. Rfd1 Kg7 36. b3 f5 37. Rd6 R7c6 38. Rxc6 Rxc6 39. Rd5 f4 40. Rxa5 f3 41. Ra7+ Kf6 42. Rd7 f2 43. Rd1 Re6 44. Kc2 Re1 0-1

[Event "BOL-ch Seniors"]
[Site "Santa Cruz"]
[Date "2023.03.26"]
[Round "7"]
[White "Mancilla Vallejos, Javier"]
[Black "Ferrufino, Boris"]
[Result "0-1"]
[WhiteElo "1892"]
[BlackElo "1902"]
[PlyCount "94"]
[EventDate "2023.03.24"]
[EventType "swiss"]
[EventRounds "7"]
[EventCountry "BOL"]
[SourceTitle "CBM 213 Extra"]
[Source "ChessBase"]
[SourceDate "2023.05.31"]
[SourceVersion "1"]
[SourceVersionDate "2023.05.31"]
[SourceQuality "1"]

1. e4 c5 2. Nf3 Nc6 3. d4 cxd4 4. Nxd4 Nf6 5. Nc3 e5 6. Nb3 Bb4 7. f3 d5 8. exd5 Nxd5 9. Bd2 Nxc3 10. bxc3 Be7 11. Bd3 0-0 12. Qe2 Be6 13. Be3 b6 14. 0-0 f5 15. Rad1 Qc7 16. f4 Bd6 17. Bc4 Bxc4 18. Qxc4+ Kh8 19. fxe5 Bxe5 20. Bf4 Rac8 21. Rd3 Bxf4 22. Qxf4 Qxf4 23. Rxf4 Ne5 24. Rd5 Rce8 25. Nd4 g6 26. h3 Rf7 27. g4 Nc4 28. gxf5 Ne3 29. Rb5 Ref8 30. Kf2 Nxf5 31. Nxf5 Rxf5 32. Rbxf5 Rxf5 33. Rxf5 gxf5 34. Kf3 Kg7 35. Kf4 Kf6 36. c4 h6 37. c3 Ke6 38. h4 Kf6 39. Ke3 Ke5 40. Kf3 f4 41. Kf2 Ke4 42. Ke2 h5 43. Kf2 f3 44. Kf1 Kf4 45. Kf2 Kg4 46. a3 Kf4 47. Kf1 Kg3 0-1